[Event "Quebec Montcalm-ch"]
[Site "Quebec"]
[Date "2009.05.14"]
[Round "3"]
[White "Caron, Sebastien"]
[Black "Dube, Daniel"]
[Result "1-0"]
[WhiteElo "1996"]
[BlackElo "1720"]
[PlyCount "143"]
[EventDate "2009.04.30"]
[EventType "tourn"]
[EventRounds "5"]
[EventCountry "CAN"]
[SourceTitle "EXT 2011"]
[Source "ChessBase"]
[SourceDate "2010.11.26"]
[SourceVersion "1"]
[SourceVersionDate "2010.11.26"]
[SourceQuality "1"]

1. e4 Nf6 2. Nc3 d5 3. exd5 Nxd5 4. Bc4 Nb6 5. Bb3 Nc6 6. a3 Nd4 7. Ba2 Bf5 8. d3 e6 9. Be3 Be7 10. Nf3 Bg4 11. Bxd4 Bxf3 12. Qxf3 Qxd4 13. Qxb7 0-0 14. Qe4 Qf6 15. Bb3 Rfd8 16. 0-0 Rd4 17. Qe2 Rh4 18. g3 Rh6 19. Nd1 Qf5 20. Qe4 Qh5 21. Qg2 Bf6 22. Rb1 Rd8 23. Ne3 Rd4 24. Rfe1 Rh4 25. Nf1 Rg6 26. Re4 h6 27. Rxh4 Bxh4 28. Nd2 Bf6 29. Ne4 Bd4 30. c3 Qb5 31. Bc2 Be5 32. d4 Qe2 33. f3 Qxg2+ 34. Kxg2 Bf4 35. Nf2 f5 36. Bb3 Bd6 37. Nd3 Nd7 38. Re1 Kf7 39. f4 h5 40. d5 exd5 41. Bxd5+ Kf8 42. Be6 Nc5 43. Nxc5 Bxc5 44. Bxf5 Rd6 45. Re2 g6 46. Bc2 a5 47. Kf3 Kf7 48. h3 Kf6 49. Re5 Bb6 50. Rg5 Rd2 51. Bxg6 Rxb2 52. a4 Rb3 53. Ke4 Rxc3 54. Bxh5 Rc4+ 55. Kd3 Rc5 56. Rxc5 Bxc5 57. Ke4 Bf2 58. g4 c5 59. g5+ Kg7 60. Be2 Bh4 61. Kf5 Bf2 62. Kg4 Bd4 63. Bd3 Bc3 64. h4 Bd4 65. h5 Bc3 66. h6+ Kh8 67. g6 c4 68. g7+ Bxg7 69. hxg7+ Kxg7 70. Bxc4 Kf6 71. Kf3 Kf5 72. Bd5 1-0